000 00762nam a2200241Ia 4500
003 GCL
008 140319s9999 xx 000 0 ara d
040 _aGCL /
_cGCL
082 0 4 _a792.0226
_bا ش
100 1 _aالسيد حافظ
245 1 0 _aالشخصية التراثية الشعبية فى مسرح الطفل بالكويت /
_cالسيد حافظ
700 1 _aنزيهة بن طالب
700 1 _aشنايف الحبيب
300 _a144 ص
490 _aدراسات فى مسرح الطفل
_v0
650 0 4 _aالكويت
650 0 4 _aالمسرح
650 0 4 _aالادب الشعبى
650 0 4 _aالقصص الشعبية
650 0 4 _aالمسرحيات الشعبية
650 0 4 _aمسرح الاطفال
942 _2ddc
_cBK
999 _c48669
_d48669